Discriminant analysis and statistical pattern recognition

Αποθηκεύτηκε σε:
Λεπτομέρειες βιβλιογραφικής εγγραφής
Κύριος συγγραφέας: McLachlan, Geoffrey J., 1946-
Μορφή: Βιβλίο
Γλώσσα:English
Δημοσίευση: New York : John Wiley, c1992.
Σειρά:Wiley series in probability and mathematical statistics. Applied probability and statistics.
Θέματα:
Ετικέτες: Προσθήκη ετικέτας
Δεν υπάρχουν, Καταχωρήστε ετικέτα πρώτοι!

MARC

LEADER 00000cam a2200000 i 4500
001 1/1341
008 000417s1992 nyu| ||| |||| ||eng||
020 |a 0471615315 
035 |l 10059983 
040 |a GR-MyUa  |b gre  |e AACR2 
041 0 |a eng 
082 7 |a 519.535   |2 (22) 
100 1 |a McLachlan, Geoffrey J.,   |d 1946- 
245 1 0 |a Discriminant analysis and statistical pattern recognition /   |c Geoffrey J.McLachlan. 
260 |a New York :   |b John Wiley,   |c c1992. 
300 |a xv, 526 σ. :   |b εικ. ;   |c 25 εκ. 
490 1 |a (Wiley series in probability and mathematical statistics. Applied probability and statistics) 
504 |a Περιλαμβάνει βιβλιογραφικές παραπομπές και ευρετήριο. 
650 0 0 |a Discriminant analysis. 
650 0 0 |a Pattern perception. 
830 0 |a Wiley series in probability and mathematical statistics.   |p Applied probability and statistics. 
852 |a INST  |b SAMOS  |e 20000417  |h 519.535 MCL  |p 005300017635  |q 005300017635  |t BK  |y 0 
901 |a BIBL3-2000-1 
922 |a 3ΕΛΗ  |b 200003  |c ΚΠΣ  |d ΠΑΠΑΣΩΤΗΡΙΟΥ 
950 |a 116-1999-12-31 
970 |a ΚΟΣΙΕΡΗΣ  |b ΧΡΗΣΤΟΣ  |z 2000/04/20